| 000 | 00771nam a2200241 i 4500 | ||
|---|---|---|---|
| 001 | bgj | ||
| 100 | 1 | _aMCRAE, John | |
| 245 | 1 | 0 |
_aReading Between the Lines : _bintegrated language and literature activities : teacher's book / _cJohn McRae and Roy Boardman. |
| 250 | _a[4th printing]. | ||
| 260 |
_aCambridge : _bCambridge University Press, _c1993. |
||
| 300 |
_aVI, 87 pp ; _c23 cm. |
||
| 500 | _a1st published in 1984. | ||
| 650 | 9 |
_aEnglish language _xTextbooks for foreigners |
|
| 650 | 9 | _aLiterature activities | |
| 650 | 9 | _aLanguages and literature | |
| 700 | 1 |
_aBOARDMAN, Roy. _eco-author |
|
| 020 | _a0521277906 (pbk) | ||
| 040 | _cBPK | ||
| 041 | 0 | _aeng | |
| 920 | _a0-521-27790-6 (pbk) | ||
| 942 | _cKS | ||
| 008 | s uk f |000 0 eng | ||
| 999 |
_c48104 _d48104 |
||